Study mission to Central America and the Caribbean (December 8-20, 1988) : report of the Select Committee on Narcotics Abuse and Control, One Hundredth Congress, second session.

Bibliographic Details
Corporate Authors: ProQuest (Firm), United States. Congress. House. Select Committee on Narcotics Abuse and Control
Format: Government Document eBook
Language:English
Published: Washington : U.S. G.P.O., 1989.
Series:U.S. Congressional Research.
Subjects:
Online Access:Connect to the full text of this electronic book

MARC

Tag First Indicator Second Indicator Subfields
LEADER 00000cam a22000001a 4500
001 in00003273080
006 m d f
007 cr bn mmmapmmp
008 101011s1989 dcu o f000 0 eng d
005 20260430162724.7
035 |a cis2007816303 
040 |a LexisNexis  |c LexisNexis  |d UtOrBLW 
043 |a n-us--- 
074 |a 1009-B-8, 1009-C-8 
086 0 |a Y 4.N 16:100-2-13 
088 |a SCNAC-100-2-13 
099 |a CMP-1989-NAC-0002 
245 0 0 |a Study mission to Central America and the Caribbean (December 8-20, 1988) :  |b report of the Select Committee on Narcotics Abuse and Control, One Hundredth Congress, second session. 
264 1 |a Washington :  |b U.S. G.P.O.,  |c 1989. 
300 |a 1 online resource. 
336 |a text  |b txt  |2 rdacontent 
337 |a computer  |b c  |2 rdamedia 
338 |a online resource  |b cr  |2 rdacarrier 
500 |a Record is based on bibliographic data in LexisNexis U.S. Congressional Research Digital Collection. Reuse except for individual research requires license from LexisNexis. 
500 |a Electronic resource. 
650 0 |a Drug control  |z United States. 
650 0 |a Drug control  |z Central America. 
650 0 |a Drug control  |z Caribbean Area. 
650 0 |a Drug control  |x International cooperation. 
655 7 |a Electronic books.  |2 local 
710 2 |a ProQuest (Firm) 
710 1 |a United States.  |b Congress.  |b House.  |b Select Committee on Narcotics Abuse and Control. 
776 0 8 |i Print version:   |t Study mission to Central America and the Caribbean (December 8-20, 1988)  |w gp 89018564  |w (OCoLC)20074411 
776 0 8 |i Microfiche version:   |t Study mission to Central America and the Caribbean (December 8-20, 1988)   |d [Bethesda, Md.] : LexisNexis Academic & Library Solutions,1989.   |o CIS 89 H962-5  |w (LexisNexis)cis08901834 
830 0 |a U.S. Congressional Research. 
856 4 0 |u http://proxy.library.tamu.edu/login?url=https://congressional.proquest.com/congcomp/getdoc?CRDC-ID=CMP-1989-NAC-0002  |z Connect to the full text of this electronic book  |t 0 
998 |a cis08901834 
999 |a MARS 
999 f f |s 490a4301-0347-3e23-aff7-5f0cdd224708  |i 7217c397-09a5-3c3f-ae5a-bc2b090d7432  |t 0 
952 f f |a Texas A&M University  |b College Station  |c Electronic Resources  |s www_evans  |d Available Online  |t 0  |e CMP-1989-NAC-0002  |h Other scheme 
998 f f |a CMP-1989-NAC-0002  |t 0  |l Available Online